MCU Guardians of the Galaxy Members by Comic Debut Order - Statistics

General Stats
  • This quiz has been taken 15 times
  • The average score is 8 of 13
Answer Stats
Answer % Correct
1st Groot
100%
4th Adam Warlock
57%
13th Cosmo
57%
6th Drax
57%
8th Gamora
57%
3rd Kraglin
57%
7th Mantis
57%
11th Nebula
57%
10th Rocket Raccoon
57%
9th Star-lord
57%
5th Yondu
57%
12th Phyla-Vell
50%
2nd Thor
50%
No matching quizzes found
Score Distribution
Percent of People with Each Score
Percentile by Number Answered
Your Score History
You have not taken this quiz